Missing 'K' Acronyms Quiz Stats

Quiz Updated Jul 8, 2013

Challenge
Share
Tweet
Embed
Score 0/30 Timer 06:00
2 Plays Today
% Correct
Klein
96.2%
Klan
96%
Kennedy
95.6%
Know
95.5%
Known
95.3%
Kong
95.2%
Kate
94.9%
Knocked
94.8%
Kid
94.6%
Kidding
94.3%
King
93.9%
Keep
92.3%
Kristen
91.2%
Kingdom
89.2%
Killed
89%
% Correct
Kiss
87.6%
Kids
84.8%
Kim
81.7%
Karat
80.3%
Knight
74.4%
Keyboard
72.6%
Knit
70.5%
Kyrgyzstan
69.6%
Katzenberg
66%
Koninklijke
65.6%
Klingon
54.8%
Kahn
49.2%
Kresge
39%
Klynveld
29.9%
Kamprad
25.5%

You're not logged in!

Compare scores with friends on all Sporcle quizzes.
Sign Up with Email
OR
Log In

You Might Also Like...

Show Comments

Extras

Top Quizzes Today


Score Distribution

Your Account Isn't Verified!

In order to create a playlist on Sporcle, you need to verify the email address you used during registration. Go to your Sporcle Settings to finish the process.